पौराणिक शब्दगाथा कोश / (Record no. 8017)

MARC details
000 -LEADER
fixed length control field 01166 a2200241 4500
005 - DATE AND TIME OF LATEST TRANSACTION
control field 20221228143129.0
008 - FIXED-LENGTH DATA ELEMENTS--GENERAL INFORMATION
fixed length control field 080922t xxu||||| |||| 00| 0 hin d
010 ## - LCCN (DPL NO)
LC control number HIN-81202 पुस्तक मेला, HIN-124704
020 ## - INTERNATIONAL STANDARD BOOK NUMBER
International Standard Book Number 8190429744
Terms of availability 423
020 ## - INTERNATIONAL STANDARD BOOK NUMBER
International Standard Book Number 9788190429740 पुस्तक मेला
Terms of availability 695.00
035 ## - SYSTEM CONTROL NUMBER
System control number HN-53548
035 ## - SYSTEM CONTROL NUMBER
System control number B-241293
035 ## - SYSTEM CONTROL NUMBER
System control number HN-97050
037 ## - SOURCE OF ACQUISITION
Source of stock number/acquisition D.B.Act / Pub
082 ## - DEWEY DECIMAL CLASSIFICATION NUMBER
Classification number 423
100 ## - MAIN ENTRY--PERSONAL NAME
Personal name शर्मा , वीरेन्द्र
9 (RLIN) 46062
245 ## - TITLE STATEMENT
Title पौराणिक शब्दगाथा कोश /
Statement of responsibility, etc वीरेन्द्र शर्मा
246 ## - VARYING FORM OF TITLE
Title proper/short title Poranik Shabdgatha Kosh
Remainder of title By-Virendra Sharma
260 ## - PUBLICATION, DISTRIBUTION, ETC. (IMPRINT)
Place of publication, distribution, etc दिल्ली
Name of publisher, distributor, etc भारतीय पुस्तक परिषद्
Date of publication, distribution, etc 2007
-- 2016 पुस्तक मेला
270 ## - ADDRESS
Address 175-सी, पॉकेटःए , मयूर विहार फेज-2
City नई दिल्ली
Postal code 110091
Telephone number (011)23282733 मो. 09811607086
Fax number 23270715
300 ## - PHYSICAL DESCRIPTION
Extent 352पृ
Dimensions 22सेमी(सजिल्द)
942 ## - ADDED ENTRY ELEMENTS (KOHA)
Institution code [OBSOLETE] dpl
Item type Hindi Books
Call number prefix 423 / शर्मावी
Source of classification or shelving scheme Dewey Decimal Classification
Classification part 423
Call number suffix शर्मावी
Holdings
Withdrawn status Lost status Source of classification or shelving scheme Damaged status Not for loan Home library Current library Date acquired Cost, normal purchase price Total Checkouts Full call number Barcode Date last seen Copy number Cost, replacement price Koha item type Collection code Source of acquisition
    Dewey Decimal Classification     Ashok Vihar Ashok Vihar 28/12/2022 695.00   423 शर्मावी HN-97050 28/12/2022 1 695.00 Hindi Books Non-fiction DBAD/PUB
    Dewey Decimal Classification     D.B.Act.Division D.B.Act.Division 22/09/2008 400.00   423 शर्मावी HN-53548 15/09/2008 1 400.00 Hindi Books    
    Dewey Decimal Classification     Sarojini Nagar Sarojini Nagar 30/04/2012 400.00 1 423 शर्मावी B-241293 26/02/2019   400.00 Hindi Books Non-fiction  

© Delhi Public Library
Hit Counter
free hit counter